[Event "Deutsche Ländermeisterschaft 2017"]
[Site "Hannover GER"]
[Date "2017.10.04"]
[Round "7"]
[White "Biastoch, Bennet"]
[Black "Kololli, Martin"]
[Result "1-0"]
[Termination "normal"]
[Board "4.3"]
[WhiteElo "2120"]
[BlackElo "2299"]
[WhiteClock "00:08:56"]
[BlackClock "00:26:41"]
[WhiteTeam "Sachsen-Anhalt"]
[BlackTeam "Schleswig-Holstein"]
[PlyCount "133"]
[WhiteFideId "12939889"]
[BlackFideId "12936910"]
[EventCountry "GER"]
[EventRounds "7"]
[EventType "team-swiss"]
[EventDate "2017.09.29"]

1. e4 {[%clk 1:30:57]} e5 {[%clk 1:30:57]} 2. Nf3 {[%clk 1:31:20]} Nc6 {[%clk
1:31:23]} 3. Bb5 {[%clk 1:31:41]} a6 {[%clk 1:31:49]} 4. Ba4 {[%clk 1:32:05]}
Nf6 {[%clk 1:32:15]} 5. O-O {[%clk 1:32:27]} Be7 {[%clk 1:32:42]} 6. Re1 {[%clk
1:32:47]} b5 {[%clk 1:33:07]} 7. Bb3 {[%clk 1:33:11]} d6 {[%clk 1:33:34]} 8. c3
{[%clk 1:33:20]} O-O {[%clk 1:33:57]} 9. h3 {[%clk 1:33:36]} Nb8 {[%clk
1:34:21]} 10. d4 {[%clk 1:33:49]} Nbd7 {[%clk 1:34:46]} 11. Nbd2 {[%clk
1:33:55]} Bb7 {[%clk 1:35:07]} 12. Bc2 {[%clk 1:34:06]} Re8 {[%clk 1:35:21]}
13. a4 {[%clk 1:34:07]} c5 {[%clk 1:29:39]} 14. d5 {[%clk 1:27:44]} c4 {[%clk
1:29:50]} 15. Nf1 {[%clk 1:27:53]} Bf8 {[%clk 1:30:01]} 16. Ng3 {[%clk
1:27:57]} g6 {[%clk 1:30:15]} 17. Bg5 {[%clk 1:27:07]} h6 {[%clk 1:30:18]} 18.
Be3 {[%clk 1:26:47]} Qc7 {[%clk 1:29:55]} 19. Qd2 {[%clk 1:25:26]} Kh7 {[%clk
1:30:09]} 20. Ra3 {[%clk 1:23:31]} Nc5 {[%clk 1:28:17]} 21. Rea1 {[%clk
1:21:26]} Reb8 {[%clk 1:14:24]} 22. Qe2 {[%clk 1:13:33]} Bg7 {[%clk 1:07:29]}
23. Nh2 {[%clk 1:03:40]} Ng8 {[%clk 0:58:20]} 24. h4 {[%clk 0:45:02]} Nf6
{[%clk 0:46:19]} 25. h5 {[%clk 0:37:11]} Bc8 {[%clk 0:43:32]} 26. hxg6+ {[%clk
0:27:10]} fxg6 {[%clk 0:43:42]} 27. axb5 {[%clk 0:27:12]} Rxb5 {[%clk 0:43:14]}
28. Bc1 {[%clk 0:21:44]} Nb3 {[%clk 0:35:14]} 29. Bxb3 {[%clk 0:21:56]} Rxb3
{[%clk 0:32:14]} 30. Ra4 {[%clk 0:19:03]} Nd7 {[%clk 0:24:58]} 31. Qxc4 {[%clk
0:13:19]} Qxc4 {[%clk 0:24:35]} 32. Rxc4 {[%clk 0:13:29]} Nc5 {[%clk 0:24:39]}
33. Be3 {[%clk 0:11:48]} Bf8 {[%clk 0:22:59]} 34. Nf3 {[%clk 0:09:10]} Nd3
{[%clk 0:19:27]} 35. Rc7+ {[%clk 0:08:33]} Bg7 {[%clk 0:18:29]} 36. Rc6 {[%clk
0:07:31]} Bf8 {[%clk 0:18:36]} 37. Nd2 {[%clk 0:06:41]} Rb7 {[%clk 0:14:48]}
38. Nc4 {[%clk 0:05:56]} Bd7 {[%clk 0:14:48]} 39. Rb6 {[%clk 0:04:51]} Rab8
{[%clk 0:13:35]} 40. Raxa6 {[%clk 0:02:35]} Bb5 {[%clk 0:12:14]} 41. Rxb7+
{[%clk 0:30:15]} Rxb7 {[%clk 0:42:36]} 42. Rb6 {[%clk 0:30:28]} Rxb6 {[%clk
0:42:56]} 43. Nxb6 {[%clk 0:30:53]} Nxb2 {[%clk 0:42:56]} 44. Nf1 {[%clk
0:28:17]} Kg7 {[%clk 0:41:10]} 45. Bc1 {[%clk 0:23:11]} Nd3 {[%clk 0:39:43]}
46. Ba3 {[%clk 0:22:16]} Ba6 {[%clk 0:36:28]} 47. Nd2 {[%clk 0:19:54]} Nf4
{[%clk 0:34:49]} 48. c4 {[%clk 0:14:09]} Ne2+ {[%clk 0:34:43]} 49. Kh2 {[%clk
0:13:39]} Nd4 {[%clk 0:32:53]} 50. Nd7 {[%clk 0:09:43]} Be7 {[%clk 0:31:05]}
51. Nxe5 {[%clk 0:07:13]} Nc2 {[%clk 0:31:20]} 52. Nc6 {[%clk 0:07:35]} Nxa3
{[%clk 0:31:36]} 53. Nxe7 {[%clk 0:08:00]} Kf6 {[%clk 0:31:23]} 54. Nc6 {[%clk
0:08:05]} Nxc4 {[%clk 0:31:20]} 55. Nxc4 {[%clk 0:07:37]} Bxc4 {[%clk 0:31:36]}
56. Kg3 {[%clk 0:07:25]} g5 {[%clk 0:31:27]} 57. f4 {[%clk 0:06:09]} gxf4+
{[%clk 0:25:49]} 58. Kxf4 {[%clk 0:06:34]} h5 {[%clk 0:25:57]} 59. Nd4 {[%clk
0:06:25]} Ke7 {[%clk 0:25:24]} 60. Nf5+ {[%clk 0:06:38]} Kd7 {[%clk 0:25:47]}
61. Ng3 {[%clk 0:06:56]} h4 {[%clk 0:24:59]} 62. Nf5 {[%clk 0:07:21]} h3 {[%clk
0:25:12]} 63. gxh3 {[%clk 0:07:48]} Bf1 {[%clk 0:25:35]} 64. h4 {[%clk
0:08:12]} Be2 {[%clk 0:25:58]} 65. Ng3 {[%clk 0:08:17]} Bd3 {[%clk 0:26:16]}
66. h5 {[%clk 0:08:39]} Ke7 {[%clk 0:26:41]} 67. Nf5+ {[%clk 0:08:56]} 1-0

[Event "Deutsche Ländermeisterschaft 2017"]
[Site "Hannover GER"]
[Date "2017.10.04"]
[Round "7"]
[White "Kopylov, Daniel"]
[Black "Post, Hugo"]
[Result "1-0"]
[Termination "normal"]
[Board "4.4"]
[WhiteElo "2243"]
[BlackElo "2023"]
[WhiteClock "00:35:45"]
[BlackClock "00:16:36"]
[WhiteTeam "Schleswig-Holstein"]
[BlackTeam "Sachsen-Anhalt"]
[PlyCount "55"]
[WhiteFideId "12921971"]
[BlackFideId "12962490"]
[EventCountry "GER"]
[EventRounds "7"]
[EventType "team-swiss"]
[EventDate "2017.09.29"]

1. e4 {[%clk 1:30:49]} c5 {[%clk 1:30:42]} 2. Nf3 {[%clk 1:31:05]} d6 {[%clk
1:30:46]} 3. d4 {[%clk 1:31:28]} cxd4 {[%clk 1:30:45]} 4. Nxd4 {[%clk 1:31:51]}
Nf6 {[%clk 1:31:03]} 5. Nc3 {[%clk 1:32:15]} e6 {[%clk 1:31:21]} 6. Be3 {[%clk
1:29:16]} Be7 {[%clk 1:30:44]} 7. Be2 {[%clk 1:29:10]} O-O {[%clk 1:30:48]} 8.
g4 {[%clk 1:28:58]} Nc6 {[%clk 1:24:35]} 9. g5 {[%clk 1:27:46]} Nd7 {[%clk
1:24:29]} 10. h4 {[%clk 1:27:56]} a6 {[%clk 1:13:45]} 11. Qd2 {[%clk 1:24:11]}
Nxd4 {[%clk 1:13:00]} 12. Bxd4 {[%clk 1:24:35]} b5 {[%clk 1:12:41]} 13. a3
{[%clk 1:18:58]} Bb7 {[%clk 1:11:25]} 14. O-O-O {[%clk 1:16:46]} Rc8 {[%clk
1:09:12]} 15. Kb1 {[%clk 1:16:46]} Nb6 {[%clk 1:04:32]} 16. Rhg1 {[%clk
1:14:32]} Nc4 {[%clk 1:03:02]} 17. Bxc4 {[%clk 1:14:37]} Rxc4 {[%clk 1:02:56]}
18. h5 {[%clk 1:10:18]} Qc7 {[%clk 0:51:06]} 19. b3 {[%clk 1:03:05]} Rc6 {[%clk
0:51:01]} 20. f4 {[%clk 1:03:04]} Rc8 {[%clk 0:43:33]} 21. Rg3 {[%clk 1:01:58]}
Bf8 {[%clk 0:31:51]} 22. Rc1 {[%clk 0:58:49]} Qa5 {[%clk 0:21:50]} 23. f5
{[%clk 0:57:20]} e5 {[%clk 0:19:32]} 24. g6 {[%clk 0:37:25]} exd4 {[%clk
0:19:44]} 25. h6 {[%clk 0:36:55]} dxc3 {[%clk 0:18:16]} 26. gxh7+ {[%clk
0:35:22]} Kxh7 {[%clk 0:18:32]} 27. hxg7 {[%clk 0:35:43]} Bxg7 {[%clk 0:16:36]}
28. f6 {[%clk 0:35:45]} 1-0

[Event "Deutsche Ländermeisterschaft 2017"]
[Site "Hannover GER"]
[Date "2017.10.04"]
[Round "7"]
[White "Dietz, Florian"]
[Black "Köhler, Inken"]
[Result "1-0"]
[Termination "normal"]
[Board "4.5"]
[WhiteElo "2026"]
[BlackElo "1893"]
[WhiteClock "00:17:46"]
[BlackClock "00:06:01"]
[WhiteTeam "Sachsen-Anhalt"]
[BlackTeam "Schleswig-Holstein"]
[PlyCount "97"]
[WhiteFideId "12939897"]
[BlackFideId "12929301"]
[EventCountry "GER"]
[EventRounds "7"]
[EventType "team-swiss"]
[EventDate "2017.09.29"]

1. e4 {[%clk 1:30:57]} e6 {[%clk 1:30:53]} 2. d4 {[%clk 1:31:13]} d5 {[%clk
1:31:16]} 3. Nd2 {[%clk 1:31:34]} dxe4 {[%clk 1:31:33]} 4. Nxe4 {[%clk
1:31:44]} Bd7 {[%clk 1:31:52]} 5. Nf3 {[%clk 1:30:14]} Bc6 {[%clk 1:32:05]} 6.
Bd3 {[%clk 1:29:22]} Nd7 {[%clk 1:32:09]} 7. O-O {[%clk 1:28:28]} Be7 {[%clk
1:32:07]} 8. c3 {[%clk 1:20:05]} Ngf6 {[%clk 1:31:36]} 9. Nxf6+ {[%clk
1:19:09]} Nxf6 {[%clk 1:23:57]} 10. Re1 {[%clk 1:13:00]} Bxf3 {[%clk 1:11:49]}
11. Qxf3 {[%clk 1:13:12]} Qd5 {[%clk 1:11:55]} 12. Qe2 {[%clk 0:53:13]} O-O
{[%clk 1:05:30]} 13. Bf4 {[%clk 0:51:38]} c6 {[%clk 1:04:40]} 14. Qd2 {[%clk
0:49:32]} Rac8 {[%clk 0:59:14]} 15. Re5 {[%clk 0:34:01]} Qd7 {[%clk 0:59:06]}
16. Bg5 {[%clk 0:32:30]} Nd5 {[%clk 0:36:12]} 17. Bxe7 {[%clk 0:27:32]} Qxe7
{[%clk 0:36:23]} 18. Rae1 {[%clk 0:26:56]} h6 {[%clk 0:31:03]} 19. Bc2 {[%clk
0:22:40]} Qf6 {[%clk 0:18:40]} 20. Qd3 {[%clk 0:16:47]} g6 {[%clk 0:18:33]} 21.
Qg3 {[%clk 0:15:32]} Qf4 {[%clk 0:12:17]} 22. Qd3 {[%clk 0:12:32]} Qf6 {[%clk
0:11:13]} 23. Qh3 {[%clk 0:11:01]} Kg7 {[%clk 0:10:25]} 24. g3 {[%clk 0:05:28]}
Rh8 {[%clk 0:06:51]} 25. Qg4 {[%clk 0:03:30]} h5 {[%clk 0:05:18]} 26. Qd1
{[%clk 0:03:03]} Rcd8 {[%clk 0:04:42]} 27. Bb1 {[%clk 0:01:04]} c5 {[%clk
0:03:32]} 28. R5e4 {[%clk 0:00:45]} cxd4 {[%clk 0:02:24]} 29. Rxd4 {[%clk
0:01:09]} b5 {[%clk 0:01:42]} 30. Re2 {[%clk 0:01:14]} h4 {[%clk 0:01:03]} 31.
Be4 {[%clk 0:01:06]} hxg3 {[%clk 0:01:05]} 32. fxg3 {[%clk 0:01:30]} Nb6 {[%clk
0:01:02]} 33. Red2 {[%clk 0:01:48]} Rxd4 {[%clk 0:01:15]} 34. Rxd4 {[%clk
0:02:10]} Nc4 {[%clk 0:01:20]} 35. Qe2 {[%clk 0:01:57]} a6 {[%clk 0:01:09]} 36.
Bd3 {[%clk 0:01:55]} Ne5 {[%clk 0:00:45]} 37. Rf4 {[%clk 0:01:42]} Qg5 {[%clk
0:01:06]} 38. Be4 {[%clk 0:01:26]} Nc4 {[%clk 0:01:12]} 39. Qf2 {[%clk
0:01:32]} f5 {[%clk 0:01:01]} 40. Bd3 {[%clk 0:01:10]} Qe7 {[%clk 0:00:35]} 41.
Bxc4 {[%clk 0:00:53]} e5 {[%clk 0:30:09]} 42. Qe3 {[%clk 0:23:23]} Qc7 {[%clk
0:20:35]} 43. Rxf5 {[%clk 0:17:24]} gxf5 {[%clk 0:20:14]} 44. Qg5+ {[%clk
0:17:47]} Kh7 {[%clk 0:20:31]} 45. Qxf5+ {[%clk 0:18:03]} Kh6 {[%clk 0:20:16]}
46. Qf6+ {[%clk 0:18:26]} Kh7 {[%clk 0:20:14]} 47. Bf7 {[%clk 0:17:25]} Qc5+
{[%clk 0:06:09]} 48. Kf1 {[%clk 0:17:22]} Rg8 {[%clk 0:06:01]} 49. Qf5+ {[%clk
0:17:46]} 1-0

[Event "Deutsche Ländermeisterschaft 2017"]
[Site "Hannover GER"]
[Date "2017.10.04"]
[Round "7"]
[White "Stowicek, Yara Mathilda"]
[Black "Farokhi, Keyvan"]
[Result "1-0"]
[Termination "normal"]
[Board "4.7"]
[WhiteElo "1508"]
[BlackElo "1781"]
[WhiteClock "00:04:43"]
[BlackClock "00:00:55"]
[WhiteTeam "Sachsen-Anhalt"]
[BlackTeam "Schleswig-Holstein"]
[PlyCount "123"]
[WhiteFideId "16203569"]
[BlackFideId "12998630"]
[EventCountry "GER"]
[EventRounds "7"]
[EventType "team-swiss"]
[EventDate "2017.09.29"]

1. e4 {[%clk 1:30:58]} d6 {[%clk 1:30:54]} 2. d4 {[%clk 1:31:18]} Nf6 {[%clk
1:31:05]} 3. Nc3 {[%clk 1:31:31]} g6 {[%clk 1:31:09]} 4. h3 {[%clk 1:31:41]}
Bg7 {[%clk 1:31:18]} 5. g4 {[%clk 1:31:56]} O-O {[%clk 1:29:03]} 6. Bg2 {[%clk
1:31:58]} Na6 {[%clk 1:28:07]} 7. Nge2 {[%clk 1:30:06]} c5 {[%clk 1:26:14]} 8.
d5 {[%clk 1:27:55]} Rb8 {[%clk 1:24:59]} 9. Ng3 {[%clk 1:23:00]} b5 {[%clk
1:23:15]} 10. O-O {[%clk 1:22:31]} b4 {[%clk 1:21:34]} 11. Nce2 {[%clk
1:22:31]} Nc7 {[%clk 1:18:36]} 12. Kh1 {[%clk 1:20:11]} a5 {[%clk 1:15:19]} 13.
f4 {[%clk 1:18:07]} a4 {[%clk 1:14:14]} 14. Rb1 {[%clk 1:17:51]} Ba6 {[%clk
1:03:20]} 15. Rf2 {[%clk 1:16:07]} c4 {[%clk 1:00:54]} 16. Nd4 {[%clk 1:14:49]}
Bb7 {[%clk 0:48:57]} 17. f5 {[%clk 1:10:54]} Ba8 {[%clk 0:43:49]} 18. Be3
{[%clk 1:07:41]} Nb5 {[%clk 0:41:33]} 19. g5 {[%clk 0:59:20]} Nd7 {[%clk
0:40:37]} 20. h4 {[%clk 0:58:42]} Qb6 {[%clk 0:36:38]} 21. f6 {[%clk 0:53:12]}
exf6 {[%clk 0:25:19]} 22. Ndf5 {[%clk 0:50:49]} Qc7 23. Nxg7 fxg5 {[%clk
0:24:28]} 24. Bxg5 {[%clk 0:48:52]} Kxg7 {[%clk 0:22:46]} 25. Qd2 {[%clk
0:48:05]} f6 {[%clk 0:15:27]} 26. Bh6+ {[%clk 0:47:49]} Kh8 {[%clk 0:15:44]}
27. Bxf8 {[%clk 0:48:00]} Rxf8 {[%clk 0:16:10]} 28. Qxb4 {[%clk 0:47:57]} Rb8
{[%clk 0:14:23]} 29. Qd2 {[%clk 0:46:17]} Na3 {[%clk 0:12:47]} 30. Ra1 {[%clk
0:43:27]} Nb5 {[%clk 0:06:34]} 31. Raf1 {[%clk 0:42:27]} a3 {[%clk 0:05:19]}
32. b3 {[%clk 0:40:07]} Bb7 {[%clk 0:04:51]} 33. Bh3 {[%clk 0:38:29]} Rf8
{[%clk 0:04:37]} 34. Kg2 {[%clk 0:32:28]} Kg7 {[%clk 0:03:22]} 35. h5 {[%clk
0:31:51]} cxb3 {[%clk 0:00:42]} 36. cxb3 {[%clk 0:31:36]} g5 {[%clk 0:00:37]}
37. Nf5+ {[%clk 0:30:47]} Kh8 {[%clk 0:01:01]} 38. Nd4 {[%clk 0:29:49]} Nxd4
{[%clk 0:01:28]} 39. Qxd4 {[%clk 0:29:45]} Ba6 {[%clk 0:01:15]} 40. Rg1 {[%clk
0:29:01]} Ne5 {[%clk 0:01:36]} 41. Kh2 {[%clk 0:19:05]} Bc8 {[%clk 0:28:37]}
42. Bxc8 {[%clk 0:47:36]} Qxc8 {[%clk 0:29:00]} 43. Qd1 {[%clk 0:45:25]} g4
{[%clk 0:22:53]} 44. Kg2 {[%clk 0:36:12]} Qe8 {[%clk 0:20:21]} 45. Rh1 {[%clk
0:34:34]} Nf3 {[%clk 0:19:31]} 46. Re2 {[%clk 0:33:11]} Qe5 {[%clk 0:16:30]}
47. Qd3 {[%clk 0:30:01]} Rc8 {[%clk 0:13:18]} 48. Rc2 {[%clk 0:25:18]} Re8
{[%clk 0:11:22]} 49. Re2 {[%clk 0:24:03]} Rc8 {[%clk 0:10:26]} 50. Rc2 {[%clk
0:24:11]} Re8 {[%clk 0:10:50]} 51. Rc4 {[%clk 0:23:45]} Qb2+ {[%clk 0:10:46]}
52. Rc2 {[%clk 0:22:43]} Qe5 {[%clk 0:11:04]} 53. h6 {[%clk 0:18:44]} Ng5
{[%clk 0:08:12]} 54. Rh4 {[%clk 0:12:33]} Nf3 {[%clk 0:05:14]} 55. Rh1 {[%clk
0:12:49]} Qg5 {[%clk 0:04:10]} 56. Rc7 {[%clk 0:10:11]} Ne5 {[%clk 0:03:22]}
57. Qc3 {[%clk 0:07:26]} f5 {[%clk 0:02:15]} 58. exf5 {[%clk 0:05:47]} Qxf5
{[%clk 0:02:44]} 59. Rf1 {[%clk 0:05:36]} Qe4+ {[%clk 0:03:02]} 60. Kg3 {[%clk
0:05:34]} Kg8 {[%clk 0:00:38]} 61. Rg7+ {[%clk 0:04:43]} Kh8 {[%clk 0:00:55]}
62. Re7 1-0

[Event "Deutsche Ländermeisterschaft 2017"]
[Site "Hannover GER"]
[Date "2017.10.04"]
[Round "7"]
[White "Wachinger, Nikolas"]
[Black "Niermann, Tristan"]
[Result "0-1"]
[Termination "normal"]
[Board "5.1"]
[WhiteElo "2048"]
[BlackElo "2277"]
[WhiteClock "00:21:22"]
[BlackClock "00:08:02"]
[WhiteTeam "Bremen"]
[BlackTeam "Nordrhein-Westfalen"]
[PlyCount "142"]
[WhiteFideId "12962791"]
[BlackFideId "12990698"]
[EventCountry "GER"]
[EventRounds "7"]
[EventType "team-swiss"]
[EventDate "2017.09.29"]

1. e4 {[%clk 1:30:58]} e5 {[%clk 1:30:55]} 2. Nf3 {[%clk 1:31:18]} Nc6 {[%clk
1:31:15]} 3. Bb5 {[%clk 1:31:41]} a6 {[%clk 1:31:42]} 4. Bxc6 {[%clk 1:32:03]}
dxc6 {[%clk 1:32:09]} 5. O-O {[%clk 1:32:22]} Be7 {[%clk 1:32:36]} 6. Nxe5
{[%clk 1:32:05]} Qd4 {[%clk 1:33:00]} 7. Qh5 {[%clk 1:32:14]} Be6 {[%clk
1:33:19]} 8. d3 {[%clk 1:24:31]} Nf6 {[%clk 1:33:38]} 9. Nf3 {[%clk 1:24:23]}
Qxd3 {[%clk 1:34:03]} 10. Qxf7+ {[%clk 1:22:47]} Bxf7 {[%clk 1:34:29]} 11. cxd3
{[%clk 1:23:07]} O-O-O {[%clk 1:34:54]} 12. Ne5 {[%clk 1:19:02]} Bh5 {[%clk
1:30:16]} 13. Nc3 {[%clk 1:17:26]} Rhe8 {[%clk 1:26:39]} 14. Be3 {[%clk
1:05:51]} Bd6 {[%clk 1:15:45]} 15. d4 {[%clk 1:03:52]} c5 {[%clk 1:11:30]} 16.
f4 {[%clk 0:58:24]} cxd4 {[%clk 1:07:15]} 17. Bxd4 {[%clk 0:58:45]} Bxe5 {[%clk
0:56:11]} 18. Bxe5 {[%clk 0:59:01]} Ng4 {[%clk 0:55:06]} 19. Rad1 {[%clk
0:49:23]} Rxd1 {[%clk 0:47:16]} 20. Rxd1 {[%clk 0:49:23]} Nxe5 {[%clk 0:44:15]}
21. Rd5 {[%clk 0:49:43]} Bf7 {[%clk 0:43:16]} 22. Rxe5 {[%clk 0:50:04]} Rxe5
{[%clk 0:43:45]} 23. fxe5 {[%clk 0:50:25]} Kd7 {[%clk 0:42:43]} 24. Kf2 {[%clk
0:48:43]} Ke6 {[%clk 0:42:07]} 25. Ke3 {[%clk 0:48:38]} Kxe5 {[%clk 0:41:33]}
26. b4 {[%clk 0:39:40]} b6 {[%clk 0:35:53]} 27. a3 {[%clk 0:39:04]} g5 {[%clk
0:33:41]} 28. g3 {[%clk 0:32:15]} Bb3 {[%clk 0:27:04]} 29. Nb1 {[%clk 0:30:34]}
g4 {[%clk 0:25:11]} 30. Nd2 {[%clk 0:29:11]} Bf7 {[%clk 0:20:08]} 31. Nb1
{[%clk 0:26:21]} Be8 {[%clk 0:16:34]} 32. Nc3 {[%clk 0:21:05]} Bf7 {[%clk
0:16:04]} 33. Nb1 {[%clk 0:20:52]} Ba2 {[%clk 0:14:13]} 34. Nc3 {[%clk
0:21:11]} Bb3 {[%clk 0:14:15]} 35. Kd3 {[%clk 0:21:17]} c5 {[%clk 0:13:34]} 36.
bxc5 {[%clk 0:21:11]} bxc5 {[%clk 0:14:02]} 37. Nb1 {[%clk 0:19:46]} c4+ {[%clk
0:10:43]} 38. Ke3 {[%clk 0:20:09]} Bc2 {[%clk 0:09:57]} 39. Nc3 {[%clk
0:20:25]} a5 {[%clk 0:09:34]} 40. Kd2 {[%clk 0:20:20]} Bxe4 {[%clk 0:09:04]}
41. Ke3 {[%clk 0:20:44]} Bc6 {[%clk 0:04:24]} 42. Nd1 {[%clk 0:16:40]} Kd5
{[%clk 0:04:30]} 43. Nc3+ {[%clk 0:17:04]} Kc5 {[%clk 0:04:54]} 44. Nd1 {[%clk
0:17:15]} c3 {[%clk 0:04:32]} 45. Nxc3 {[%clk 0:14:21]} Kc4 {[%clk 0:04:52]}
46. Ne2 {[%clk 0:13:46]} Bf3 {[%clk 0:01:28]} 47. Nd4 {[%clk 0:09:52]} Ba8
{[%clk 0:30:30]} 48. Ne6 {[%clk 0:36:48]} Kb3 {[%clk 0:26:16]} 49. Kd2 {[%clk
0:36:55]} Kxa3 {[%clk 0:25:16]} 50. Kc3 {[%clk 0:36:18]} Bd5 {[%clk 0:21:18]}
51. Nf4 {[%clk 0:35:45]} Bf7 {[%clk 0:20:22]} 52. h3 {[%clk 0:35:29]} gxh3
{[%clk 0:18:07]} 53. Nxh3 {[%clk 0:35:51]} Ka2 {[%clk 0:16:59]} 54. Ng5 {[%clk
0:35:45]} Bg6 {[%clk 0:16:51]} 55. Nf3 {[%clk 0:34:39]} a4 {[%clk 0:15:44]} 56.
Nd2 {[%clk 0:34:52]} Bf5 {[%clk 0:11:16]} 57. Kb4 {[%clk 0:34:11]} Bc2 {[%clk
0:11:19]} 58. Nc4 {[%clk 0:31:15]} Bb3 {[%clk 0:10:54]} 59. Na3 {[%clk
0:31:03]} Kb2 {[%clk 0:09:41]} 60. Nb5 {[%clk 0:27:51]} Kc2 {[%clk 0:05:57]}
61. Ka3 {[%clk 0:27:37]} Kd3 {[%clk 0:06:01]} 62. Nd6 {[%clk 0:27:48]} Ke3
{[%clk 0:06:05]} 63. Ne8 {[%clk 0:22:00]} Kf3 {[%clk 0:06:26]} 64. g4 {[%clk
0:20:47]} h6 {[%clk 0:06:38]} 65. g5 {[%clk 0:20:14]} hxg5 {[%clk 0:06:57]} 66.
Nf6 {[%clk 0:20:30]} Kf4 {[%clk 0:07:05]} 67. Nh5+ {[%clk 0:20:44]} Ke5 {[%clk
0:07:10]} 68. Kb2 {[%clk 0:20:57]} g4 {[%clk 0:07:22]} 69. Ka3 {[%clk 0:21:20]}
Kf5 {[%clk 0:07:37]} 70. Ng3+ {[%clk 0:21:29]} Kf4 {[%clk 0:07:59]} 71. Nf1
{[%clk 0:21:22]} Bc4 {[%clk 0:08:02]} 0-1

[Event "Deutsche Ländermeisterschaft 2017"]
[Site "Hannover GER"]
[Date "2017.10.04"]
[Round "7"]
[White "Wagner, Leopold Franziskus"]
[Black "Colbow, Collin"]
[Result "1-0"]
[Termination "normal"]
[Board "5.2"]
[WhiteElo "2058"]
[BlackElo "2034"]
[WhiteClock "00:24:02"]
[BlackClock "00:01:43"]
[WhiteTeam "Nordrhein-Westfalen"]
[BlackTeam "Bremen"]
[PlyCount "141"]
[WhiteFideId "1641581"]
[BlackFideId "16201132"]
[EventCountry "GER"]
[EventRounds "7"]
[EventType "team-swiss"]
[EventDate "2017.09.29"]

1. d4 {[%clk 1:30:57]} Nf6 {[%clk 1:30:53]} 2. c4 {[%clk 1:31:11]} e6 {[%clk
1:31:10]} 3. Nc3 {[%clk 1:31:36]} Bb4 {[%clk 1:31:30]} 4. Qc2 {[%clk 1:31:31]}
O-O {[%clk 1:31:52]} 5. e4 {[%clk 1:31:25]} d5 {[%clk 1:32:09]} 6. e5 {[%clk
1:31:32]} Ne4 {[%clk 1:32:24]} 7. Bd3 {[%clk 1:31:44]} c5 {[%clk 1:32:22]} 8.
Nf3 {[%clk 1:31:57]} Nd7 {[%clk 1:15:58]} 9. Bf4 {[%clk 1:26:58]} cxd4 {[%clk
1:08:07]} 10. Nxd4 {[%clk 1:27:21]} Ndc5 {[%clk 1:07:51]} 11. O-O {[%clk
1:16:40]} Nxd3 {[%clk 0:42:13]} 12. Qxd3 {[%clk 1:17:04]} Bxc3 {[%clk 0:39:52]}
13. bxc3 {[%clk 1:17:21]} Nc5 {[%clk 0:29:46]} 14. Qg3 {[%clk 1:15:27]} Kh8
{[%clk 0:28:39]} 15. cxd5 {[%clk 1:15:23]} Qxd5 {[%clk 0:28:08]} 16. Rfd1
{[%clk 1:13:32]} Qc4 {[%clk 0:28:05]} 17. Re1 {[%clk 1:02:30]} b6 {[%clk
0:25:28]} 18. Re3 {[%clk 1:01:56]} Rg8 {[%clk 0:19:11]} 19. Qh4 {[%clk
1:01:36]} Nd7 {[%clk 0:19:20]} 20. Rh3 {[%clk 0:59:42]} Nf8 {[%clk 0:19:39]}
21. Nf3 {[%clk 0:59:02]} Qe4 {[%clk 0:17:45]} 22. Re1 {[%clk 0:55:17]} Qc2
{[%clk 0:15:27]} 23. Ng5 {[%clk 0:45:55]} Qf5 {[%clk 0:14:56]} 24. Qh5 {[%clk
0:44:31]} h6 {[%clk 0:11:24]} 25. Nxf7+ {[%clk 0:36:46]} Kh7 {[%clk 0:11:46]}
26. Ng5+ {[%clk 0:37:06]} Kh8 {[%clk 0:12:04]} 27. Qf7 {[%clk 0:22:56]} Qxf7
{[%clk 0:08:21]} 28. Nxf7+ {[%clk 0:23:05]} Kh7 {[%clk 0:08:50]} 29. Rd3 {[%clk
0:22:19]} Ba6 {[%clk 0:07:09]} 30. Rd2 {[%clk 0:22:12]} Ng6 {[%clk 0:06:57]}
31. Bg3 {[%clk 0:22:12]} Ne7 {[%clk 0:06:30]} 32. Nd6 {[%clk 0:21:44]} Nf5
{[%clk 0:05:40]} 33. Nxf5 {[%clk 0:17:37]} exf5 {[%clk 0:06:05]} 34. e6 {[%clk
0:15:22]} Rad8 {[%clk 0:05:10]} 35. Bd6 {[%clk 0:14:59]} Rge8 {[%clk 0:04:51]}
36. Rd4 {[%clk 0:13:22]} Bb7 {[%clk 0:03:10]} 37. e7 {[%clk 0:11:38]} Rc8
{[%clk 0:02:47]} 38. Re3 {[%clk 0:10:20]} Kg6 {[%clk 0:01:46]} 39. Bb4 {[%clk
0:09:24]} Bc6 {[%clk 0:00:59]} 40. Kf1 {[%clk 0:07:54]} Kf6 {[%clk 0:00:34]}
41. f3 {[%clk 0:07:49]} Bb5+ {[%clk 0:29:17]} 42. Ke1 {[%clk 0:38:06]} Bc4
{[%clk 0:23:11]} 43. Rd2 {[%clk 0:31:33]} a5 {[%clk 0:20:05]} 44. Bd6 {[%clk
0:29:13]} a4 {[%clk 0:19:36]} 45. a3 {[%clk 0:29:33]} b5 {[%clk 0:19:54]} 46.
Bb4 {[%clk 0:29:25]} Rc6 {[%clk 0:17:31]} 47. Kf2 {[%clk 0:28:45]} Re6 {[%clk
0:16:49]} 48. Rxe6+ {[%clk 0:28:44]} Kxe6 {[%clk 0:16:56]} 49. Rd8 {[%clk
0:28:42]} Kf7 {[%clk 0:17:17]} 50. Ke3 {[%clk 0:28:49]} Bf1 {[%clk 0:16:39]}
51. g3 {[%clk 0:28:53]} Bc4 {[%clk 0:13:35]} 52. Kf4 {[%clk 0:28:33]} g6 {[%clk
0:10:09]} 53. h4 {[%clk 0:28:20]} Be2 {[%clk 0:09:03]} 54. g4 {[%clk 0:24:41]}
fxg4 {[%clk 0:08:30]} 55. fxg4 {[%clk 0:24:56]} h5 {[%clk 0:08:03]} 56. g5
{[%clk 0:24:38]} Bc4 {[%clk 0:08:00]} 57. Ke5 {[%clk 0:24:16]} Be2 {[%clk
0:04:50]} 58. Rd2 {[%clk 0:23:29]} Bg4 {[%clk 0:03:47]} 59. Rf2+ {[%clk
0:23:03]} Bf5 {[%clk 0:03:48]} 60. Rxf5+ {[%clk 0:22:11]} gxf5 {[%clk 0:04:12]}
61. Kxf5 {[%clk 0:22:25]} Rg8 {[%clk 0:02:43]} 62. g6+ {[%clk 0:22:38]} Kg7
{[%clk 0:01:56]} 63. Bd6 {[%clk 0:22:24]} Re8 {[%clk 0:00:32]} 64. Kg5 {[%clk
0:22:24]} Rc8 {[%clk 0:00:36]} 65. Kxh5 {[%clk 0:21:43]} Rh8+ {[%clk 0:00:31]}
66. Kg5 {[%clk 0:22:00]} b4 {[%clk 0:00:51]} 67. Be5+ {[%clk 0:22:21]} Kg8
{[%clk 0:01:06]} 68. Bxh8 {[%clk 0:22:45]} Kxh8 {[%clk 0:01:01]} 69. e8=Q+
{[%clk 0:23:12]} Kg7 {[%clk 0:01:24]} 70. Qf7+ {[%clk 0:23:38]} Kh8 {[%clk
0:01:43]} 71. Qh7# {[%clk 0:24:02]} 1-0